000 00502nam a2200181Ia 4500
008 090123s9999 xx 000 0 und d
082 _b24607
_a891.463/कर्णिक
100 _aकर्णिक हेमन
245 _aथंडर
250 _a1
260 _bशांती प्रकाशन
300 _a162
600 _aकर्णिक हेमन
630 _aथंडर
700 _aकर्णिक हेमन
730 _aथंडर
942 _cBOOK
999 _c62678
_d62678